00635nam a2200169 i 450000100060000000300090000600500170001500700030003200800410003510000270007624501190010326000610022230000220028385200220030599900170032795201210034455210ES-MaACL20230906163112.0t|030916s1910 fr ||||1| fre d1 aDelvolve, Jean.94360710aRationalisme et tradition b: recherches des conditions d'efficacité d'un morale laigne / cpar Jean Delvolvé. aParis : b[s.n.], c1910 (eTours : fE. Arrault et Cie) a180 p. ; c18 cm. aES-MaACLjF-11865 c55210d55210 00104070aATENEOMbATENEOMcSPP2d2008-01-17eSCl0oF-11865p1058010r2023-02-23 00:00:00w2023-02-23yMONOGRAFIA